Statistics for MINESOTA TIMBERWOLVES LEADERS IN PPG

Click here to take the quiz!

General Stats

  • This quiz has been taken 16 times
  • The average score is 23 of 33

Answer Stats

HintAnswer% Correct
2005-2006(21.8)kevin garnett
100%
2006-2007(22.4)kevin garnett
100%
1998-1999(20.8)kevin garnett
100%
1999-2000(22.9)kevin garnett
100%
2000-2001(22)kevin garnett
100%
2001-2002(21.2)kevin garnett
100%
2002-2003(23)kevin garnett
100%
2003-2004(23.2)kevin garnett
100%
2004-2005(22.2)kevin garnett
100%
2020-2021(24.8)karl anthony towns
92%
2021-2022(24.6)karl anthony towns
92%
2018-2019(24.4)karl anthony towns
92%
2019-2020(26.5)karl anthony towns
92%
2016-2017(25.1)karl anthony towns
92%
2013-2014(26.1)kevin love
92%
2010-2011(20.2)kevin love
92%
2011-2012(26)kevin love
92%
2012-2013(18.3)kevin love
92%
2015-2016(20.7)andrew wiggins
77%
2017-2018(22.2)jimmy butler
62%
2009-2010(17.1)al jefferson
46%
2008-2009(23.1)al jefferson
46%
2007-2008(21)al jefferson
46%
1995-1996(19.6)isaiah rider
46%
1994-1995(20.4)isaiah rider
46%
1990-1991(21.8)tony campbell
38%
1989-1990(23.2)tony campbell
38%
1993-1994(16.8)christian laettner
31%
1991-1992(16.8)christian laettner
31%
1992-1993(19.3)doug west
31%
1996-1997(20.6)tom gugliotta
31%
1997-1998(20.1)tom gugliotta
31%
2014-2015(20)kevin martin
15%

Score Distribution

Percentile by Number Answered

Percent of People with Each Score

Your Score History

You have not taken this quiz